Improving college reading

Bibliographic Details
Main Author: Jacobus, Lee A. (Author)
Format: Book
Language:English
Published: Boston, MA : Thomson/Heinle , c2001
Edition:7th ed
Subjects:

MARC

LEADER 00000cam a2200000 7i4500
001 0000008657
005 20070318093000.0
008 061101 mau eng
020 |a 015501997X 
090 0 0 |a PE1122   |b .I47 2001 
245 0 0 |a Improving college reading   |c [compiled by] Lee A. Jacobus 
250 |a 7th ed 
260 2 |a Boston, MA :   |b Thomson/Heinle ,   |c c2001 
300 |a xv, 459 p. ;   |c 24 cm. 
650 0 |a College readers 
650 0 |a Reading (Higher education) 
700 1 |a Jacobus, Lee A. ,   |e author 
999 |a 1000105842   |b Book   |c OPEN SHELF (30 DAYS)   |e Gong Badak Campus